Ein Fall für zwei Antropologische Konzepte in Jakob Wassermanns Caspar Hauser und in Peter Handkes Kaspar

Elmentve itt :
Bibliográfiai részletek
Szerző: Kovács Kálmán
További közreműködők: Wassermann Jakob
Handke Peter
Dokumentumtípus: Könyv része
Megjelent: 1993
Sorozat:Acta germanica 4
Die Zeit und die Schrift : österreichische Literatur nach 1945 4
Kulcsszavak:Irodalomtudomány
Tárgyszavak:
Online Access:http://acta.bibl.u-szeged.hu/2319
LEADER 00875naa a2200241 i 4500
001 acta2319
005 20210920134230.0
008 161015s1993 hu o 0|| ger d
022 |a 0238-079X 
040 |a SZTE Egyetemi Kiadványok Repozitórium  |b hun 
041 |a ger 
100 1 |a Kovács Kálmán 
245 1 0 |a Ein Fall für zwei Antropologische Konzepte in Jakob Wassermanns Caspar Hauser und in Peter Handkes Kaspar  |h [elektronikus dokumentum] /  |c  Kovács Kálmán 
260 |c 1993 
300 |a 261-275 
490 0 |a Acta germanica  |v 4 
490 0 |a Die Zeit und die Schrift : österreichische Literatur nach 1945  |v 4 
650 4 |a Bölcsészettudományok 
650 4 |a Nyelvek és irodalom 
695 |a Irodalomtudomány 
700 0 1 |a Wassermann Jakob 
700 0 1 |a Handke Peter 
856 4 0 |u http://acta.bibl.u-szeged.hu/2319/1/germanica_004_261-275.pdf  |z Dokumentum-elérés